| 000 | 00352pam a2200145 a 4500 | ||
|---|---|---|---|
| 020 | _c | ||
| 041 | _h | ||
| 082 |
_a741.2 _bBAR |
||
| 100 | _aBarrington Barber. | ||
| 245 |
_aLearn to draw 16- Week Course for Aspiring Artists _hTextual Documents |
||
| 250 | _a2018. | ||
| 260 |
_aLondon: _bArcturus London. |
||
| 300 |
_a150: _bHard. |
||
| 930 | _a8785 | ||
| 999 |
_c242575 _d242575 |
||